MARC details
| 000 -CABECERA |
| campo de control de longitud fija |
01425nam a22002657a 4500 |
| 003 - IDENTIFICADOR DEL NÚMERO DE CONTROL |
| campo de control |
MX-MxUPN |
| 005 - FECHA Y HORA DE LA ÚLTIMA TRANSACCIÓN |
| campo de control |
20230929063759.0 |
| 007 - CAMPO FIJO DE DESCRIPCIÓN FÍSICA--INFORMACIÓN GENERAL |
| campo de control de longitud fija |
cr |||aaa||||| |
| 008 - ELEMENTOS DE LONGITUD FIJA--INFORMACIÓN GENERAL |
| campo de control de longitud fija |
230322s2004 ke|a|||fo|||| 00| 0 spa d |
| 020 ## - NÚMERO INTERNACIONAL NORMALIZADO PARA LIBROS |
| Número Internacional Estándar del Libro |
928072518 |
| 040 ## - FUENTE DE LA CATALOGACIÓN |
| Centro catalogador/agencia de origen |
MX-MxUPN |
| Lengua de catalogación |
spa |
| Centro/agencia transcriptor |
MX-MxUPN |
| Normas de descripción |
aacr2 |
| 050 #4 - SIGNATURA TOPOGRÁFICA DE LA BIBLIOTECA DEL CONGRESO |
| Número de clasificación |
GE195.9 |
| 245 ## - MENCIÓN DE TÍTULO |
| Título |
La mujer y el medio ambiente |
| Medio |
[recurso electrónico en línea] |
| 260 ## - PUBLICACIÓN, DISTRIBUCIÓN, ETC. |
| Lugar de publicación, distribución, etc. |
Nairobi, Kenya : |
| Nombre del editor, distribuidor, etc. |
Programa de las Naciones Unidas para el Medio Ambiente, |
| Fecha de publicación, distribución, etc. |
2004 |
| 300 ## - DESCRIPCIÓN FÍSICA |
| Extensión |
1 recurso en línea (142 páginas : ilustraciones a color) : |
| Otras características físicas |
PDF |
| 490 0# - MENCIÓN DE SERIE |
| Mención de serie |
Colección de publicaciones sobre políticas |
| 500 ## - NOTA GENERAL |
| Nota general |
Es bibliografía básica de la Maestría en Desarrollo Educativo. |
| 505 ## - NOTA DE CONTENIDO CON FORMATO PREESTABLECIDO |
| Título |
La mujer, el medio ambiente y el desarrollo sostenible : estableciendo los vínculos. -- |
| -- |
La mujer y la diversidad biológica : la base de la existencia. -- |
| -- |
La mujer y la desertificación : una relación dinámica. -- |
| -- |
La mujer y la gestión de los recursos hídricos : un enfoque integrado. -- |
| -- |
Hacia la incorporación de una perspectiva de género en las políticas ambientales. -- |
| -- |
Es hora de actuar. |
| 506 0# - NOTA DE RESTRICCIONES AL ACCESO |
| Limitaciones de acceso |
Acceso abierto |
| 610 24 - ASIENTO SECUNDARIO DE MATERIA - NOMBRE CORPORATIVO |
| Nombre de entidad corporativa o nombre de jurisdicción como elemento de entrada |
Universidad Pedagógica Nacional (México). |
| Unidad subordinada |
Maestría en Desarrollo Educativo |
| 9 (RLIN) |
50088 |
| 650 #4 - ASIENTO SECUNDARIO DE MATERIA - TERMINO TEMATICO |
| 9 (RLIN) |
22960 |
| Término de materia o nombre geográfico como elemento de entrada |
Mujeres y el medio ambiente |
| 856 40 - LOCALIZACIÓN Y ACCESO ELECTRÓNICOS |
| Identificador Uniforme del Recurso |
<a href="https://wedocs.unep.org/20.500.11822/13743">https://wedocs.unep.org/20.500.11822/13743</a> |
| 902 ## - ELEMENTOS DE DATOS B LOCAL, LDB (RLIN) |
| Creó |
VíctorGodínez/220323 |
| 942 ## - ELEMENTOS DE PUNTO DE ACCESO ADICIONAL (KOHA) |
| Fuente del sistema de clasificación o colocación |
Library of Congress Classification |
| Tipo de ítem Koha |
Libro Electrónico |